000 01227nam a2200193ui 4500
001 991026789787807026
003 UkOxU
008 240411s2024 enk|||| | |||| ||eng d
020 _a9780711292529
035 _a(StEdALDL)1/4426392
040 _aStEdALDL
_beng
_erda
_cStEdALDL
_dUkOxU
041 _aEnglish
245 0 0 _aPart-time baker
_b: simple bakes without the stress
_c/ Florence Stanton.
264 1 _aLondon :
_bCarnival,
_c2024.
520 _aNo time, but love to bake? Go part-time with these quick and easy recipes. Florence Stanton (@Tasting.Thyme) proves that you can find time to bake and enjoy delicious treats no matter what life throws at you. Forget hours spent in the kitchen following complex instructions! In Part-Time Baker, each recipe is clearly labelled with ‘Hands-on time’ and ‘Total time’ – to make it crystal clear how much effort you’ll need to put in. Many of the bakes can be prepped in just 10 minutes and there are plenty of cheats and tips for impressive results. There’s no need for loads of obscure baking equipment and all the recipes can be scaled up for sharing or down for enjoying solo.
650 0 _aCookery
_925759
650 0 _aBaking
_925760
942 _2lcc
999 _c4862
_d4862